000 00323nam a2200133Ia 4500
008 190723s9999 xx 000 0 und d
020 _a978-81-315-2494-7
100 _aAndrew J. Dubrin
245 0 _aPrinciples of Leadership
250 _a7th
260 _aAndover
_bCengage learning
_c2013
300 _a534:p
942 _cBK
999 _c1522
_d1522